|
|
|
|
| LEADER |
00000nab a2200000 a 4500 |
| 001 |
vtls001008873 |
| 003 |
SK-MaSNL |
| 005 |
20260303040203.0 |
| 008 |
040720e20000526xo 0 slo |
| 035 |
|
|
|a RV9473
|
| 040 |
|
|
|a RVGKPD
|b slo
|c RVGKPD
|e AACR2
|
| 041 |
0 |
|
|a slo
|
| 044 |
|
|
|a xo
|c SK
|
| 080 |
|
|
|a 373.6
|2 1981
|
| 100 |
1 |
|
|a Hovorková, Zora
|4 aut
|9 865806
|
| 245 |
1 |
0 |
|a Študenti obchodnej akadémie žnú úspechy všade, kde sa objavia
|
| 300 |
|
|
|b 2 foto
|
| 500 |
|
|
|a súčasnosť
|
| 610 |
2 |
7 |
|a Obchodná akadémia (Rožňava, Slovensko)
|2 RVGKPD
|9 1023903
|
| 610 |
2 |
7 |
|a Stredná ekonomická škola, Rožňava
|2 RVGKPD
|9 1023904
|
| 650 |
0 |
7 |
|a dejiny
|2 RVGKPD
|9 3825
|
| 651 |
|
7 |
|a Rožňava (Slovensko)
|2 RVGKPD
|9 17394
|
| 655 |
|
7 |
|a periodikum
|2 snkbucl
|9 29553
|
| 710 |
2 |
|
|a Obchodná akadémia (Rožňava, Slovensko)
|4 aut
|9 1023903
|
| 773 |
0 |
8 |
|t Gemerský denník
|g Roč. 2, č.120, 26.5.2000, s. 8
|
| 852 |
|
|
|a ZVYKNI
|b KIS3GCP
|
| 999 |
|
|
|c 1680739
|d 1682669
|